000
00287nam a2200121Ia 4500
008
190216s9999||||xx |||||||||||||| ||und||
100
_a
Gilbert M Smith
245
0
_a
Cryptogamic Botany
260
_b
Tata Mcgrawhill Publishers
_c
1988
300
_a
399p
650
_a
Botany
942
_c
BK
999
_c
1187
_d
1187